[Event "TCh-CRO"]
[Site "Rabac CRO"]
[Date "2004.06.22"]
[Round "2"]
[White "Smirin,I"]
[Black "Dabo Peranic,R"]
[Result "1-0"]
[WhiteElo "2675"]
[BlackElo "2320"]

1.c4 e5 2.Nc3 Nf6 3.Nf3 Nc6 4.d4 exd4 5.Nxd4 Bb4 6.Bg5 h6 7.Bh4 O-O 8.Rc1 Re8
9.e3 Nxd4 10.Qxd4 g5 11.Bg3 c5 12.Qd6 Re6 13.Qd1 b5 14.Bd3 Bb7 15.O-O bxc4
16.Bxc4 d5 17.Bb3 Qa5 18.Ne2 Qb6 19.Bc2 Ba6 20.Bd3 c4 21.Bf5 Re7 22.Qc2 Bc5
23.Nc3 Qa5 24.Rfd1 Rd8 25.Na4 Bd6 26.Bxd6 Rxd6 27.Nc3 Rb6 28.Rd4 Reb7 29.Rb1 Rb8
30.h4 Rb4 31.hxg5 hxg5 32.Qd2 Qb6 33.e4 Nxe4 34.Nxe4 dxe4 35.Qxg5+ Kf8 36.Rbd1 Bb5
37.Rxe4  1-0

[Event "TCh-CRO"]
[Site "Rabac CRO"]
[Date "2004.06.23"]
[Round "4"]
[White "Smirin,I"]
[Black "Fercec,N"]
[Result "1-0"]
[WhiteElo "2675"]
[BlackElo "2460"]

1.e4 c5 2.Ne2 Nf6 3.Nbc3 d6 4.d4 cxd4 5.Nxd4 a6 6.g3 e5 7.Nb3 Nbd7 8.a4 b6
9.Bg2 Bb7 10.O-O Rc8 11.Re1 Rc7 12.Nd2 Qa8 13.Qe2 Be7 14.Nc4 O-O 15.Rd1 Rc6
16.Bg5 Rfc8 17.b3 h6 18.Bxf6 Nxf6 19.Nd5 Nxd5 20.exd5 Rxc4 21.bxc4 a5 22.Rab1 Qa7
23.Qe3 Rc5 24.Rb5 Bc8 25.Rdb1 Rxc4 26.Qxb6 Qxb6 27.Rxb6 Bf5 28.h4 g5 29.hxg5 hxg5
30.Rb7 Bf8 31.Ra7 Rxa4 32.Rb8 Kg7 33.Re8 Ra1+ 34.Kh2 a4 35.Raa8 a3 36.Rxf8 a2
37.Rfd8 Bxc2 38.Rxd6 Bb3  1-0

[Event "TCh-CRO"]
[Site "Rabac CRO"]
[Date "2004.06.24"]
[Round "5"]
[White "Petrov,J"]
[Black "Smirin,I"]
[Result "0-1"]
[WhiteElo "2432"]
[BlackElo "2675"]

1.Nf3 g6 2.c4 Bg7 3.d4 c5 4.d5 Nf6 5.g3 b5 6.cxb5 a6 7.bxa6 O-O 8.Nc3 d6
9.Bg2 Bf5 10.Nh4 Bd7 11.O-O Nxa6 12.Rb1 Qa5 13.Bd2 Nc7 14.b3 Nb5 15.Nxb5 Qxb5
16.a4 Qa6 17.Re1 c4 18.a5 Rfc8 19.bxc4 Qxc4 20.e4 Ng4 21.h3 Ne5 22.Bg5 Rxa5
23.Bxe7 Ra2 24.Bxd6 Ba4 25.Qc1 Bc2 26.Bf1 Nd3 27.Rb4 Qxb4 28.Bxb4 Nxc1 29.Rxc1 Bd4
30.Bd2 Rca8 31.Nf3 Bxe4 32.Nxd4 Rxd2 33.Nc6 Kg7 34.Ne7 Re8 35.Rc7 Rd1  0-1

[Event "TCh-CRO"]
[Site "Rabac CRO"]
[Date "2004.06.24"]
[Round "6"]
[White "Rezan,S"]
[Black "Smirin,I"]
[Result "0-1"]
[WhiteElo "2413"]
[BlackElo "2675"]

1.c4 e5 2.Nc3 Nc6 3.g3 g6 4.Bg2 Bg7 5.e3 f5 6.d3 Nf6 7.Nge2 O-O 8.O-O d6
9.b3 Bd7 10.Bb2 Rb8 11.Qd2 h6 12.Nd5 Nxd5 13.cxd5 Ne7 14.Qa5 c5 15.Qd2 g5
16.f3 Nxd5 17.f4 Ne7 18.d4 cxd4 19.exd4 exf4 20.gxf4 Ng6 21.d5 Bxb2 22.Qxb2 Rc8
23.a4 Qe7 24.Rae1 Rce8 25.Kh1 Kh7 26.Qc1 Qf6 27.Rg1 g4 28.Ng3 Rc8 29.Qe3 b6
30.Rc1 Nh4 31.Nh5 Qf7 32.Rxc8 Bxc8 33.Ng3 Bb7 34.Qd3 Re8 35.Rd1 Re7 36.Kg1 Kg8
37.Bh1 Qf6 38.Nh5 Qb2 39.Rb1 Qe2 40.Qd4 Qe3+ 41.Qxe3 Rxe3 42.Rc1 Kf7 43.Rc7+ Re7
44.Rxe7+ Kxe7 45.Kf2 a5 46.Kg3 Nf3 47.Bxf3 gxf3 48.Ng7 Bc8 49.Kxf3 Kf7 50.Nh5 Bb7
51.Ng3 Bxd5+ 52.Ke3 Kg6 53.Ne2 Bxb3  0-1

[Event "TCh-CRO"]
[Site "Rabac CRO"]
[Date "2004.06.25"]
[Round "7"]
[White "Smirin,I"]
[Black "Vucic,M"]
[Result "1/2-1/2"]
[WhiteElo "2675"]
[BlackElo "2413"]

1.e4 e5 2.Nf3 Nc6 3.Bb5 a6 4.Ba4 Nf6 5.O-O Nxe4 6.d4 b5 7.Bb3 d5 8.dxe5 Be6
9.c3 Be7 10.Be3 O-O 11.Nbd2 Nc5 12.Bc2 Nd7 13.Nb3 Ndxe5 14.Nxe5 Nxe5 15.Bxh7+ Kxh7
16.Qh5+ Kg8 17.Qxe5 Bd6 18.Qh5 Qd7 19.Bd4 f6 20.Rfe1 Bf7 21.Qh4 Rfe8 22.Bc5 Rxe1+
23.Rxe1 Re8 24.f3 Bf4 25.Qf2 c6 26.g3 Bc7 27.Rxe8+ Qxe8 28.Qe3 a5 29.Qxe8+ Bxe8
30.f4 Bd7 31.Kf2 Kf7 32.h4 Kg6 33.Nd4 Kh5 34.Nf3 Bf5 35.Nd4  1/2-1/2

[Event "TCh-CRO"]
[Site "Rabac CRO"]
[Date "2004.06.26"]
[Round "8"]
[White "Smirin,I"]
[Black "Viskic,P"]
[Result "1-0"]
[WhiteElo "2675"]
[BlackElo "2234"]

1.e4 d6 2.d4 Nf6 3.Nc3 g6 4.Bg5 Bg7 5.Qd2 h6 6.Bh4 O-O 7.O-O-O c6 8.f4 Na6
9.Nf3 Nc7 10.Bd3 b5 11.f5 g5 12.Bg3 b4 13.Na4 Ba6 14.Qxb4 Bxd3 15.cxd3 Qd7
16.Nc3 a5 17.Qa4 Rfb8 18.Qc2 Nb5 19.a4 Na7 20.h4 g4 21.Nd2 Nh5 22.Bf2 Rb4
23.Rhe1 Rab8 24.b3 d5 25.Kb1 e6 26.fxe6 fxe6 27.Ka2 Bf8 28.Rb1 Qd6 29.Rb2 Ng7
30.Be3 Ne8 31.Rf1 R8b7 32.h5 Qh2 33.Ne2 Qxg2 34.Nf4 Qh2 35.Qd1 Qg3 36.Nxe6 Be7
37.Bxh6 Kh7 38.Bf8  1-0

[Event "TCh-CRO"]
[Site "Rabac CRO"]
[Date "2004.06.27"]
[Round "9"]
[White "Smirin,I"]
[Black "Sikanjic,B"]
[Result "1-0"]
[WhiteElo "2675"]
[BlackElo "2145"]

1.e4 c5 2.Nf3 Nc6 3.Bb5 g6 4.c3 Nf6 5.Qe2 Bg7 6.O-O O-O 7.Rd1 a6 8.Bxc6 dxc6
9.h3 Qc7 10.d4 cxd4 11.cxd4 h6 12.Nc3 Be6 13.Be3 Rad8 14.Rac1 Qa5 15.Qc2 Qh5
16.Ne2 Qa5 17.b3 Bc8 18.Ne5 Nd7 19.Nc4 Qc7 20.Bf4 e5 21.Bh2 Rfe8 22.b4 Kh7
23.Qb1 Qb8 24.Qb3 Kg8 25.Rd2 b5 26.Na5 Bb7 27.Nxc6 Bxc6 28.Rxc6 Nb6 29.Rxg6 Nc4
30.Rxg7+ Kxg7 31.Rd1 Qb6 32.d5 Kh7 33.Ng3 Rg8 34.Nf5 Rg6 35.Bg3 Rdg8 36.Kh2 Qf6
37.d6 Rg5 38.d7 Rxf5 39.exf5 Rd8 40.Qf3 Nd6 41.Qc6  1-0

[Event "32nd World Open"]
[Site "Philadelphia USA"]
[Date "2004.07.05"]
[Round "8"]
[White "Smirin,I"]
[Black "Ibragimov,I"]
[Result "1/2-1/2"]
[WhiteElo "2671"]
[BlackElo "2582"]

1.e4 e5 2.Nf3 Nc6 3.Bb5 a6 4.Ba4 Nf6 5.O-O Be7 6.Re1 b5 7.Bb3 d6 8.c3 O-O
9.h3 Na5 10.Bc2 c5 11.d4 Qc7 12.Nbd2 Bd7 13.Nf1 Nc4 14.b3 Nb6 15.Ne3 g6 16.dxe5 dxe5
17.c4 Rfe8 18.Bb2 Bf8 19.a4 bxa4 20.bxa4 a5 21.Rb1 Ra6 22.Bc3 Bh6 23.Nd5 Nfxd5
24.exd5 f6 25.d6 Qd8 26.Nd2 Bxd2 27.Qxd2 Be6 28.Qh6 Ra7 29.Bxg6 hxg6 30.Rxb6 Rh7
31.Qxg6+ Rg7 32.Qb1 Bxh3 33.g3 Qa8 34.Qe4 Qxe4 35.Rxe4 Bd7 36.Re1 Kf7 37.Kg2 Rg4
38.f4 exf4 39.Rxe8  1/2-1/2

[Event "TCh-CRO"]
[Site "Rabac CRO"]
[Date "2004.09.06"]
[Round "2"]
[White "Smirin,I"]
[Black "Palac,M"]
[Result "1-0"]
[WhiteElo "2671"]
[BlackElo "2549"]

1.e4 c5 2.Nf3 d6 3.d4 cxd4 4.Nxd4 Nf6 5.Nc3 a6 6.g3 e5 7.Nb3 Be7 8.Bg2 O-O
9.O-O Bg4 10.Qd3 Nbd7 11.f4 exf4 12.gxf4 Rc8 13.Kh1 Be6 14.Qg3 b5 15.Nd4 Bc4
16.Rg1 b4 17.Nd1 g6 18.b3 Bb5 19.Bb2 Re8 20.c4 Bc6 21.Nxc6 Rxc6 22.Ne3 Rc8
23.e5 Nh5 24.Qf3 dxe5 25.fxe5 Bc5 26.Rad1 Bxe3 27.Qxe3 Qc7 28.Bd5 Nhf6 29.e6 Nxd5
30.exf7+ Kxf7 31.Qf3+ Nf4 32.Rg4 g5 33.Rxg5 Rf8 34.Rg7+  1-0

[Event "TCh-CRO"]
[Site "Rabac CRO"]
[Date "2004.09.11"]
[Round "7"]
[White "Gyimesi,Z"]
[Black "Smirin,I"]
[Result "1/2-1/2"]
[WhiteElo "2618"]
[BlackElo "2671"]

1.d4 Nf6 2.c4 g6 3.Nc3 Bg7 4.e4 d6 5.Nf3 O-O 6.Be2 e5 7.O-O Na6 8.Re1 c6
9.Bf1 exd4 10.Nxd4 Qb6 11.Na4 Qa5 12.Bd2 Qd8 13.Nb3 Ng4 14.h3 Ne5 15.Qc2 d5
16.cxd5 cxd5 17.f4 Bd7 18.fxe5 Bxa4 19.exd5 Qxd5 20.Bc4 Qc6 21.Qe4 Qxe4 22.Rxe4 Bc6
23.Re2 Nc7 24.Bg5 Rfe8 25.Rae1 Ne6 26.Bxe6 fxe6 27.Nd4 Bd5 28.Nb5 Bc4 29.Nc7 Bxe2
30.Rxe2 Rac8 31.Nxe8 Rxe8 32.g4 Rc8 33.Kf2 Kf7  1/2-1/2

[Event "TCh-CRO"]
[Site "Rabac CRO"]
[Date "2004.09.13"]
[Round "9"]
[White "Smirin,I"]
[Black "Mikhalchishin,A"]
[Result "1/2-1/2"]
[WhiteElo "2671"]
[BlackElo "2527"]

1.e4 e5 2.Nf3 Nf6 3.Nxe5 d6 4.Nf3 Nxe4 5.d4 d5 6.Bd3 Be7 7.O-O Nc6 8.c4 Nb4
9.Be2 O-O 10.Nc3 Be6 11.Be3 Bf5 12.Rc1 dxc4 13.Bxc4 c6 14.Ne2 Nd6 15.Bb3 a5
16.a3 a4 17.axb4 axb3  1/2-1/2

[Event "Monarch Assurance"]
[Site "Port Erin IOM"]
[Date "2004.09.27"]
[Round "3"]
[White "Smirin,I"]
[Black "Holzke,F"]
[Result "1/2-1/2"]
[WhiteElo "2671"]
[BlackElo "2492"]

1.c4 c5 2.Nf3 Nf6 3.d4 cxd4 4.Nxd4 Nc6 5.Nc3 e6 6.g3 Qb6 7.Ndb5 Ne5 8.Bf4 Nfg4
9.e3 a6 10.Nc7+ Qxc7 11.Qxg4 Qxc4 12.Qd1 Qc6 13.e4 Bb4 14.Bxe5 Qxe4+ 15.Qe2 Qxh1
16.O-O-O Bxc3 17.Bxc3 Qxh2 18.Bxg7 Rg8 19.Bc3 d5 20.Rxd5 Bd7 21.Rh5 Qg1 22.Qe1 O-O-O
23.Rxh7 Bb5 24.Bxb5 Qxe1+ 25.Bxe1 axb5 26.Rxf7 Rgf8 27.Rxf8 Rxf8 28.Kd2 Kd7
29.Ke3 Rc8 30.Bc3 Rc4 31.a3 Ke7 32.f4 Kf7 33.g4 Kg6 34.Kf3 Kf7 35.Ke3 Kg6  1/2-1/2

[Event "Monarch Assurance"]
[Site "Port Erin IOM"]
[Date "2004.09.29"]
[Round "5"]
[White "Smirin,I"]
[Black "Wells,P"]
[Result "1/2-1/2"]
[WhiteElo "2671"]
[BlackElo "2494"]

1.e4 c5 2.Nf3 d6 3.d4 cxd4 4.Nxd4 Nf6 5.Nc3 Nc6 6.Bg5 e6 7.Qd2 Be7 8.O-O-O O-O
9.f4 Nxd4 10.Qxd4 Qa5 11.Bc4 Bd7 12.e5 dxe5 13.fxe5 Bc6 14.Bd2 Nd7 15.Nd5 Qd8
16.Nxe7+ Qxe7 17.Rhe1 Rfd8 18.Qg4 Nf8 19.h4 Qc5 20.Bb3 Ng6 21.Qg3 a5 22.h5 Ne7
23.Be3 Rxd1+ 24.Rxd1 Nf5 25.Qxg7+ Nxg7 26.Bxc5 Nxh5 27.c4 Rc8 28.Be3 Ng3
29.Kd2 h5 30.Bb6 a4 31.Bc2 h4 32.Rg1 Kg7 33.Ke3  1/2-1/2

[Event "36th Olympiad"]
[Site "Calvia ESP"]
[Date "2004.10.19"]
[Round "5"]
[White "Volokitin,And"]
[Black "Smirin,I"]
[Result "1/2-1/2"]
[WhiteElo "2652"]
[BlackElo "2673"]

1.e4 c5 2.Nf3 Nc6 3.Nc3 Nf6 4.Bb5 Qc7 5.O-O Nd4 6.b4 cxb4 7.Nd5 Nxd5 8.Nxd4 Nf6
9.Bb2 a6 10.Bd3 e5 11.Nf5 d6 12.a3 bxa3 13.Rxa3 Bxf5 14.exf5 Be7 15.Bb5+ Nd7
16.d4 Rd8 17.Rc3 Qb6 18.Bxd7+ Rxd7 19.Rb3 Qc6  1/2-1/2

[Event "36th Olympiad"]
[Site "Calvia ESP"]
[Date "2004.10.24"]
[Round "9"]
[White "Smirin,I"]
[Black "Ibraev,N"]
[Result "1/2-1/2"]
[WhiteElo "2673"]
[BlackElo "2476"]

1.e4 c5 2.Nf3 d6 3.d4 cxd4 4.Nxd4 Nf6 5.Nc3 a6 6.g3 e6 7.Bg2 Qc7 8.O-O Be7
9.g4 h6 10.f4 Nc6 11.Nb3 Rb8 12.Qe2 b5 13.a3 Nd7 14.Kh1 Bf6 15.e5 dxe5 16.g5 hxg5
17.fxg5 e4 18.Bf4 Be5 19.Qxe4 Ne7 20.Bxe5 Nxe5 21.Qf4 N7g6 22.Qg3 Bb7 23.Rae1 Rd8
24.Rf2 Rh4 25.Bxb7 Rg4 26.Qe3 Qxb7+ 27.Ne4 Nc4 28.Qf3 Rxe4 29.Qxe4 Qxe4+
30.Rxe4 Nxb2 31.Nc5 Rd1+ 32.Kg2 Rd5 33.Nxe6 fxe6 34.Rxe6+ Ne7 35.Rfe2 Rd7
36.Rxa6 Nc4 37.h4 Nd6 38.h5 Kf7 39.Re5 Nef5 40.Kf3 Rc7 41.g6+ Kf6 42.Rxf5+ Kxf5
43.Rxd6 Rc3+ 44.Rd3 Rxc2 45.Rd5+ Kf6 46.Rxb5 Rc3+ 47.Kf4 Rc4+ 48.Ke3 Rc3+
49.Ke4 Rxa3 50.Rf5+ Ke6 51.Kf4 Rf3+ 52.Kxf3  1/2-1/2

[Event "36th Olympiad"]
[Site "Calvia ESP"]
[Date "2004.10.26"]
[Round "11"]
[White "Gashimov,V"]
[Black "Smirin,I"]
[Result "0-1"]
[WhiteElo "2586"]
[BlackElo "2673"]

1.e4 c5 2.Nf3 Nc6 3.Nc3 Nf6 4.Bb5 Qc7 5.Bxc6 Qxc6 6.Qe2 d5 7.Ne5 Qe6 8.f4 dxe4
9.O-O a6 10.b3 g6 11.Ba3 Bg7 12.Bxc5 O-O 13.Rae1 b6 14.Ba3 Bb7 15.Qc4 Nd5
16.Qxe4 Rac8 17.Ne2 b5 18.c4 bxc4 19.bxc4 Qb6+ 20.Kh1 Nb4 21.Qb1 Bxe5 22.Bxb4 Bf6
23.d3 Rb8 24.d4 Qc6 25.Rf2 Ba8 26.Qb3 a5 27.d5 Qb6 28.c5 Qxb4 29.Qxb4 Rxb4
30.c6 e6 31.f5 gxf5 32.Nf4 Bg5 33.Nh3 Bh6 34.dxe6 fxe6 35.Rc2 Rc8 36.Rxe6 Rb1+
37.Ng1 Bg7 38.Rd6 Rb6 39.Rd5 a4 40.h4 Rbxc6 41.Rcd2 Rc4 42.Rd8+ Bf8 43.Nh3 Rxd8
44.Rxd8 Bc6 45.Ng5 Rxh4+ 46.Kg1 Rh6  0-1

[Event "36th Olympiad"]
[Site "Calvia ESP"]
[Date "2004.10.28"]
[Round "13"]
[White "Kaidanov,G"]
[Black "Smirin,I"]
[Result "1/2-1/2"]
[WhiteElo "2611"]
[BlackElo "2673"]

1.d4 Nf6 2.c4 g6 3.Nc3 Bg7 4.e4 d6 5.f3 O-O 6.Nge2 a6 7.Bg5 Nc6 8.Qd2 Rb8
9.Rc1 h5 10.Nd1 e5 11.d5 Ne7 12.c5 dxc5 13.Rxc5 Qd6 14.Rc2 c6 15.dxc6 Qxd2+
16.Rxd2 Nxc6 17.Nec3 Be6  1/2-1/2

[Event "Extraliga CZE 2004-5"]
[Site "Czech Rep CZE"]
[Date "2004.11.06"]
[Round "1"]
[White "Mrva,Mart"]
[Black "Smirin,I"]
[Result "1-0"]
[WhiteElo "2507"]
[BlackElo "2673"]

1.Nf3 Nf6 2.c4 g6 3.Nc3 Bg7 4.e4 d6 5.d4 O-O 6.Be2 e5 7.O-O Nc6 8.d5 Ne7
9.b4 Nh5 10.Re1 a5 11.bxa5 f5 12.c5 Rxa5 13.cxd6 cxd6 14.Rb1 Rc5 15.Rb3 Nf4
16.Bf1 Kh8 17.Nd2 fxe4 18.Ndxe4 Ra5 19.Nb5 Rxa2 20.Nbxd6 Bf5 21.Rxb7 Ra1
22.Qb3 Bxe4 23.Nxe4 Nexd5 24.Qb2 Ra4 25.Rxg7 Kxg7 26.Qxe5+ Kh6 27.g3 Rf5
28.Qb2 Qa5 29.Bd2 Ra2 30.Qc1 Qa3 31.Qxa3 Rxa3 32.gxf4 Nxf4 33.Ng3 Rf6 34.Re4 g5
35.h4 Ra2 36.Be3 Ra3 37.hxg5+ Kxg5 38.Ne2 Ra7  1-0

[Event "Extraliga CZE 2004-5"]
[Site "Czech Rep CZE"]
[Date "2004.11.07"]
[Round "2"]
[White "Smirin,I"]
[Black "Lechtynsky,J"]
[Result "1-0"]
[WhiteElo "2673"]
[BlackElo "2476"]

1.e4 c6 2.d4 d5 3.Nc3 dxe4 4.Nxe4 Nf6 5.Nxf6+ exf6 6.c3 Bd6 7.Bd3 O-O 8.Ne2 Re8
9.Qc2 h6 10.Be3 Nd7 11.O-O-O Nf8 12.c4 a6 13.Kb1 Be6 14.Nc3 Bg4 15.Rd2 Bh5
16.Ka1 Bb4 17.a3 Qa5  1-0

[Event "Extraliga CZE 2004-5"]
[Site "Czech Rep CZE"]
[Date "2005.02.19"]
[Round "6"]
[White "Stocek,J"]
[Black "Smirin,I"]
[Result "1/2-1/2"]
[WhiteElo "2586"]
[BlackElo "2644"]

1.d4 Nf6 2.c4 g6 3.Nc3 Bg7 4.e4 d6 5.f3 O-O 6.Be3 Nc6 7.Qd2 a6 8.Nge2 Rb8
9.h4 h5 10.Bh6 Bxh6 11.Qxh6 b5 12.g4 e5 13.gxh5 Nxh5 14.O-O-O bxc4 15.Rg1 Qxh4
16.Nd5 c3 17.Rg5 c2 18.Kxc2 Nb4+ 19.Nxb4 Rxb4 20.a3 Rb6 21.Ng3 Bd7 22.b4 Rfb8
23.Rxg6+ fxg6 24.Bc4+ d5 25.Bxd5+ Be6 26.Qxg6+ Kf8 27.Bxe6 Rxe6 28.Qxe6 Nxg3
29.Qxe5 Ne2 30.Rd2 Qe1 31.Qh8+ Kf7 32.Qxb8 Qc1+ 33.Kd3 Nf4+ 34.Ke3 Ng2+ 35.Ke2 Nf4+
36.Ke3 Ng2+ 37.Ke2  1/2-1/2

[Event "Extraliga CZE 2004-5"]
[Site "Czech Rep CZE"]
[Date "2005.02.20"]
[Round "7"]
[White "Smirin,I"]
[Black "Movsesian,S"]
[Result "1/2-1/2"]
[WhiteElo "2644"]
[BlackElo "2624"]

1.e4 c5 2.Nf3 e6 3.Nc3 Nc6 4.Bb5 Nge7 5.O-O a6 6.Bxc6 Nxc6 7.d4 cxd4 8.Nxd4 Qc7
9.Nxc6 bxc6 10.Qg4 d6 11.Qg3 h5 12.h3 h4 13.Qd3 Be7 14.Be3 O-O 15.Na4 c5
16.c4 Bb7 17.Nc3 f5 18.f3 fxe4 19.Nxe4 Rf5 20.Rad1 Rd8 21.Qc2 Rdf8 22.Rc1 Re5
23.Bd2 d5 24.Nf2 Rxf3 25.Ng4 Rxf1+ 26.Rxf1 Re4 27.cxd5 exd5 28.Qb3 Qc6 29.Qf3 Qe6
30.Ne3 Bf6 31.Nf5 d4 32.Nh6+ gxh6 33.Qxf6 Qxf6 34.Rxf6 Re2 35.Rf2 Re6 36.Rf4 Rg6
37.Rg4 Rxg4 38.hxg4 Kg7 39.Bf4 Kg6 40.Kf2 c4 41.Be5 d3 42.Bf4 Bd5 43.Bd2 Bc6
44.b3 Bd5 45.bxc4 Bxc4 46.a4 Bb3 47.a5 Bd1 48.Ke3 Kg5 49.Kxd3+ Kxg4 50.Bxh6 Kg3
51.Bg5 Ba4 52.Kc3 Bc6 53.Bd8 Bxg2 54.Bxh4+  1/2-1/2

[Event "7th Foxwoods Open"]
[Site "Connecticut USA"]
[Date "2005.03.24"]
[Round "3"]
[White "Becerra Rivero,J"]
[Black "Smirin,I"]
[Result "1/2-1/2"]
[WhiteElo "2535"]
[BlackElo "2644"]

1.e4 g6 2.d4 Bg7 3.Nc3 d6 4.Be3 a6 5.a4 Nf6 6.h3 d5 7.exd5 Nxd5 8.Nxd5 Qxd5
9.Nf3 c5 10.c3 cxd4 11.Bxd4 Bxd4 12.Qxd4 Qxd4 13.Nxd4 e5 14.Nf3 Nc6 15.Bc4 Ke7
16.Bd5 f6 17.Ke2 Rd8 18.Rhd1 Be6 19.Bxe6 Kxe6 20.Nd2 Na5 21.Rab1 Rac8 22.b4 Nc4
23.Nxc4 Rxd1 24.Rxd1 Rxc4 25.Kd3 Rc7 26.Kc2 e4 27.Kb3 f5 28.c4 f4  1/2-1/2

[Event "7th Foxwoods Open"]
[Site "Connecticut USA"]
[Date "2005.03.27"]
[Round "8"]
[White "Shabalov,A"]
[Black "Smirin,I"]
[Result "1/2-1/2"]
[WhiteElo "2607"]
[BlackElo "2644"]

1.e4 c5 2.Nf3 Nc6 3.d4 cxd4 4.Nxd4 Nf6 5.Nc3 d6 6.Bg5 e6 7.Qd2 a6 8.O-O-O Be7
9.f3 O-O 10.h4 Nxd4 11.Qxd4 b5 12.Kb1 Bb7 13.Qd2 Qc7 14.Bd3 Rfd8 15.Qe1 b4
16.Ne2 a5 17.Nd4 Ba6 18.g4 a4 19.h5 a3 20.b3 Bxd3 21.Rxd3 Rac8 22.Rh2 Qc5
23.Bd2 d5 24.e5 Nd7 25.Bc1 Qc7 26.Re2 Bc5 27.Qg3 Qb6 28.Be3 Qb8 29.g5 Nxe5
30.Bf4 Nxd3 31.Bxb8 Bxd4 32.Bd6 e5 33.Qg4 Nf4 34.Rxe5 Bxe5 35.Bxe5 Ne6 36.g6 hxg6
37.hxg6 Rc6 38.gxf7+ Kxf7 39.f4 Rh8 40.Qg2 Rhc8 41.f5 Rxc2 42.Qg6+ Kf8 43.Bd6+ Kg8
44.Qxe6+ Kh8 45.Qe1 Rb2+ 46.Ka1 Rcc2 47.Be5 Rxa2+ 48.Kb1 Rg2 49.Qxb4 d4 50.Bxg7+  1/2-1/2

[Event "HB Global CC"]
[Site "Minneapolis USA"]
[Date "2005.05.21"]
[Round "7"]
[White "Muhammad,S"]
[Black "Smirin,I"]
[Result "0-1"]
[WhiteElo "2334"]
[BlackElo "2649"]

1.d4 Nf6 2.c4 g6 3.Nc3 Bg7 4.e4 d6 5.f3 O-O 6.Be3 e5 7.d5 c6 8.Bd3 cxd5 9.cxd5 Nh5
10.Nge2 f5 11.exf5 gxf5 12.O-O a6 13.Rc1 Nd7 14.b4 Qh4 15.a3 e4 16.Bf2 Qg5
17.h4 Qh6 18.fxe4 f4 19.Na4 f3 20.Ng3 fxg2 21.Kxg2 Nf4+ 22.Kg1 Ne5 23.Be2 Qxh4
24.Nb6 Nh3+ 25.Kg2 Nxf2 26.Rxf2 Bh3+  0-1

[Event "14th CRO-Cup"]
[Site "Sibenik CRO"]
[Date "2005.05.30"]
[Round "1"]
[White "Filipovic,Br"]
[Black "Smirin,I"]
[Result "0-1"]
[WhiteElo "2381"]
[BlackElo "2649"]

1.e4 e5 2.Nf3 Nc6 3.Bb5 a6 4.Bxc6 dxc6 5.O-O Ne7 6.d4 Bg4 7.dxe5 Qxd1 8.Rxd1 Ng6
9.Be3 Nxe5 10.Nbd2 Bd6 11.h3 Nxf3+ 12.Nxf3 Bh5 13.Re1 O-O-O 14.Nh4 Rhe8 15.g4 Rxe4
16.gxh5 Rxh4 17.Bg5 Rxh3 18.Bxd8 Kxd8 19.Re4 Rxh5 20.Rae1 Kd7 21.Re8 c5 22.Rg8 Rg5+
23.Kh1 g6 24.Re3 Rf5 25.Kg2 h5 26.c4 Kc6 27.Rf3 Bf4 28.Kf1 g5 29.b3 g4 30.Rd3 Be5
31.Kg2 Bd4 32.f3 b5 33.cxb5+ axb5 34.a4 bxa4 35.bxa4 Rf4 36.fxg4 hxg4 37.Rg3 Rf2+
38.Kh1 f5 39.a5 c4 40.Rd8 Rf1+ 41.Kg2 Rg1+ 42.Kh2 Rd1 43.Re8 c3 44.Re2 Kb5  0-1

[Event "14th CRO-Cup"]
[Site "Sibenik CRO"]
[Date "2005.06.02"]
[Round "6"]
[White "Smirin,I"]
[Black "Rezan,S"]
[Result "1-0"]
[WhiteElo "2649"]
[BlackElo "2424"]

1.e4 c5 2.Nf3 e6 3.d4 cxd4 4.Nxd4 Qb6 5.Nb3 a6 6.Bd3 Qc7 7.O-O Nf6 8.c4 d6
9.Nc3 Be7 10.f4 O-O 11.Qe2 Nbd7 12.Bd2 Nc5 13.Nxc5 Qxc5+ 14.Kh1 Nd7 15.Rf3 g6
16.Raf1 Re8 17.Rh3 b6 18.Be3 Qa5 19.Rb1 b5 20.cxb5 Bf6 21.b6 Bxc3 22.bxc3 Rb8
23.e5 dxe5 24.fxe5 Qxe5 25.Bxa6 Bxa6 26.Qxa6 Qxc3 27.Qb5 Rb7 28.Rd1 Rc8 29.a4 Qc4
30.Qxc4 Rxc4 31.a5 Ra4 32.Bd2 Rd4 33.Ra3 Nxb6 34.axb6 e5 35.Rb3 Rd6 36.Rb2 Rbxb6
37.Rxb6 Rxb6 38.Be3 Rb5 39.g4 f6 40.Rd6 Kf7 41.g5 f5 42.Rf6+ Kg7 43.Re6 Rb3
44.Rxe5  1-0

[Event "15th ETC"]
[Site "Gothenburg SWE"]
[Date "2005.08.01"]
[Round "3"]
[White "Smirin,I"]
[Black "Tiviakov,S"]
[Result "1/2-1/2"]
[WhiteElo "2652"]
[BlackElo "2678"]

1.e4 c5 2.Nf3 Nc6 3.Bb5 d6 4.O-O Bd7 5.c3 a6 6.Ba4 Nf6 7.Re1 b5 8.Bc2 Bg4
9.d3 e6 10.Nbd2 Be7 11.h3 Bh5 12.Nf1 O-O 13.Ng3 Bg6 14.Nh4 d5 15.exd5 Qxd5
16.Nxg6 hxg6 17.Bf4 Rfd8 18.Qe2 Nh5 19.Nxh5 Qxh5 20.Qe4 Qd5 21.Qxd5 exd5
22.Bd1 g5 23.Bh2 Bd6 24.Bf3 Rac8 25.a4 b4 26.Rac1 Bxh2+ 27.Kxh2 f6 28.d4 bxc3
29.bxc3 cxd4 30.cxd4 Nb4 31.a5 Kf7 32.Rb1 Rc4 33.Red1 Nc6 34.Rb7+ Kf8 35.Ra1 Nxd4
36.Bh5 Ne6 37.Ra7 Nc7 38.Rb1 Ke7 39.Rb6 d4 40.Rbb7 Kd6 41.Be2 Rc5 42.Rb6+ Ke5
43.Rbb7 d3 44.Bxd3 Rxd3 45.Rxc7 Rxa5 46.Rxg7 Rd2 47.h4 gxh4 48.Rae7+ Kf5
49.f3 Ra4 50.Rg8 a5 51.Rh7 Rf4 52.Rh5+ Ke6 53.Rxa5 Rxf3 54.Rh5 Rf4 55.Rhh8 Rd1
56.Rd8 Rxd8  1/2-1/2

[Event "15th ETC"]
[Site "Gothenburg SWE"]
[Date "2005.08.02"]
[Round "4"]
[White "Smirin,I"]
[Black "Pelletier,Y"]
[Result "1-0"]
[WhiteElo "2652"]
[BlackElo "2603"]

1.e4 e6 2.d4 d5 3.Nd2 dxe4 4.Nxe4 Nd7 5.Bd3 Ngf6 6.Qe2 c5 7.Nf3 cxd4 8.O-O Be7
9.Nxd4 O-O 10.Rd1 Ne5 11.Nxf6+ Bxf6 12.Be4 Qb6 13.c3 Ng6 14.Be3 a6 15.g3 Qc7
16.h4 Bd7 17.h5 Ne7 18.h6 e5 19.Nb3 Rad8 20.Qf3 Bc6 21.Nc5 Bxe4 22.Nxe4 Qc6
23.Bc5 Rfe8 24.Bd6 Kh8 25.Bxe7 Bxe7 26.Qxf7 gxh6 27.Rxd8 Bxd8 28.Rd1 Qg6
29.Qxb7 Rf8 30.Rd6 Qf5 31.Qd5 Bg5 32.Re6  1-0

[Event "15th ETC"]
[Site "Gothenburg SWE"]
[Date "2005.08.03"]
[Round "5"]
[White "Gashimov,V"]
[Black "Smirin,I"]
[Result "1/2-1/2"]
[WhiteElo "2594"]
[BlackElo "2652"]

1.e4 e5 2.Nc3 Nf6 3.g3 d5 4.exd5 Nxd5 5.Bg2 Nb6 6.Nf3 Bd6 7.d4 exd4 8.Nxd4 Be5
9.Be3 Nc4 10.Bd5 Nxe3 11.fxe3 O-O 12.O-O Qe7 13.Qh5 Bxd4 14.exd4 Nc6 15.Rae1 Be6
16.Ne4 Nxd4 17.c3 Qd8 18.Bxb7 Rb8 19.Nc5 Bc4 20.Rf4 Ne6 21.Rh4 h6 22.Rd1 Qe7
23.Rxc4 Nxc5 24.Qxc5  1/2-1/2

[Event "15th ETC"]
[Site "Gothenburg SWE"]
[Date "2005.08.05"]
[Round "7"]
[White "Bobras,P"]
[Black "Smirin,I"]
[Result "0-1"]
[WhiteElo "2525"]
[BlackElo "2652"]

1.e4 e5 2.Nf3 Nc6 3.Bb5 a6 4.Ba4 Nf6 5.O-O Be7 6.Re1 b5 7.Bb3 d6 8.c3 O-O
9.h3 Na5 10.Bc2 c5 11.d4 Qc7 12.Nbd2 cxd4 13.cxd4 Rd8 14.b3 Bb7 15.Bb2 Nc6
16.Rc1 Qb6 17.d5 Nb4 18.Bb1 a5 19.a3 Na6 20.Bd3 Rdc8 21.Qe2 Nc5 22.Bxb5 Ncxe4
23.Nxe4 Nxe4 24.Bd4 exd4 25.Rxc8+ Rxc8 26.Qxe4 Qxb5 27.Qxe7 h6 28.Qxd6 d3
29.b4 axb4 30.axb4 Qc4 31.Qd7 Bxd5 32.Nd2 Be6 33.Nxc4 Bxd7 34.Nd2 Rc2 35.Rd1 Ba4
36.Nf3 Rc3 37.Rd2 f6 38.Nd4 Rc1+ 39.Kh2 Rd1 40.Nf3 Kf7 41.Kg3 g5 42.Rxd1 Bxd1
43.b5 Ke6 44.b6 Kd6 45.Nd2 Kc6 46.Nc4 Ba4 47.Kf3 Bb5 48.Nb2 d2 49.g3 Kxb6
50.Ke3 Kc5 51.h4 gxh4 52.gxh4 Kd5 53.Nd1 Bd7 54.Nc3+ Ke5 55.Kxd2 f5 56.Ke3 f4+
57.Kf3 h5 58.Ke2 Kd4 59.Nd1 Ba4 60.Nb2 Bb5+ 61.Kd2 Ke4 62.Nd1 Kf3 63.Nc3 Bc4
64.Ke1 Kg4 65.Ne4 Kxh4 66.f3 Bd5 67.Nf6 Bxf3 68.Kf2 Bc6 69.Ng8 Kg4 70.Nf6+ Kg5
71.Ng8 h4  0-1

[Event "15th ETC"]
[Site "Gothenburg SWE"]
[Date "2005.08.06"]
[Round "8"]
[White "Smirin,I"]
[Black "Mchedlishvili,M"]
[Result "1/2-1/2"]
[WhiteElo "2652"]
[BlackElo "2549"]

1.e4 e5 2.Nf3 Nc6 3.Bb5 a6 4.Ba4 Nf6 5.O-O Be7 6.Re1 d6 7.c3 Bg4 8.h3 Bh5
9.d3 O-O 10.Nbd2 Nd7 11.g4 Bg6 12.Nf1 Nc5 13.Bc2 Ne6 14.Ng3 Ng5 15.Kg2 Nxf3
16.Qxf3 Bg5 17.Bxg5 Qxg5 18.Rh1 Qd8 19.Qe3 f6 20.Bb3+  1/2-1/2

[Event "World Team Ch"]
[Site "Beer Sheva ISR"]
[Date "2005.11.02"]
[Round "2"]
[White "Grischuk,A"]
[Black "Smirin,I"]
[Result "0-1"]
[WhiteElo "2720"]
[BlackElo "2673"]

1.d4 Nf6 2.c4 g6 3.Nc3 Bg7 4.e4 d6 5.f3 O-O 6.Nge2 Nbd7 7.Bg5 c5 8.d5 h6
9.Be3 h5 10.Nc1 Nh7 11.Be2 Ne5 12.O-O f5 13.Qd2 fxe4 14.Nxe4 Bf5 15.Nf2 Qb6
16.a4 Rac8 17.a5 Qd8 18.Na2 e6 19.Nc3 exd5 20.cxd5 Nf6 21.h3 Re8 22.a6 Rb8
23.Nb5 Qe7 24.Bf4 bxa6 25.Rxa6 Nxf3+ 26.Bxf3 Rxb5 27.Bxd6 Qb7 28.Rc6 Rxb2
29.Qf4 Rb1 30.Rxc5 Rxf1+ 31.Kxf1 Qa6+  0-1

[Event "World Team Ch"]
[Site "Beer Sheva ISR"]
[Date "2005.11.05"]
[Round "5"]
[White "Smirin,I"]
[Black "Dominguez,L"]
[Result "1/2-1/2"]
[WhiteElo "2673"]
[BlackElo "2635"]

1.e4 e5 2.Nf3 Nf6 3.Nc3 Nc6 4.g3 Bc5 5.Bg2 d6 6.d3 a6 7.h3 h6 8.Be3 Bxe3
9.fxe3 Ne7 10.Nh4 c6 11.Qe2 Be6 12.O-O Qb6 13.Qd2 d5 14.Na4 Qa7 15.b4 Nd7
16.Nf5  1/2-1/2

[Event "World Team Ch"]
[Site "Beer Sheva ISR"]
[Date "2005.11.08"]
[Round "7"]
[White "Jobava,Ba"]
[Black "Smirin,I"]
[Result "1/2-1/2"]
[WhiteElo "2601"]
[BlackElo "2673"]

1.d4 Nf6 2.c4 g6 3.Nc3 Bg7 4.e4 d6 5.f3 O-O 6.Be3 e5 7.Nge2 c6 8.Qd2 Nbd7
9.O-O-O a6 10.Kb1 b5 11.Nc1 exd4 12.Bxd4 Re8 13.Nb3 Rb8 14.Ba7 Rb7 15.Bf2 bxc4
16.Bxc4 Ne5 17.Be2 Rd7 18.g4 d5 19.Nc5 Rd6 20.g5 Nh5 21.f4 Ng4 22.Bxg4 Bxg4
23.e5 Bxd1 24.Nb7 Qd7 25.Nxd6 Bf3 26.Rc1 Rb8 27.Na4 Qg4 28.Ba7 Rf8 29.Be3 Bxe5
30.fxe5 Qxa4 31.Bd4 c5 32.Rxc5 Ng7 33.Ra5 Qd7 34.Rxa6 Qh3 35.Rc6 Ne6 36.Rc3 Qg4
37.h3 Qxh3 38.Qe3 Qg4 39.Qxf3 Qxd4 40.Rd3 Qg1+ 41.Rd1 Qxg5 42.Qxd5 h5 43.a4 h4
44.a5 h3 45.a6 h2 46.a7 Nc7 47.Qb7 Qg1 48.Rc1 Ra8  1/2-1/2